[Event "NATO-ch 15th"]
[Site "The Hague"]
[Date "2004.08.10"]
[Round "3"]
[White "Daler, Neset"]
[Black "Kovarcik, Thomas"]
[Result "0-1"]
[WhiteElo "2068"]
[BlackElo "2222"]
[PlyCount "98"]
[EventDate "2004.08.08"]
[EventType "swiss"]
[EventRounds "7"]
[EventCountry "NED"]
[SourceTitle "CBM 101 Extra"]
[Source "ChessBase"]
[SourceDate "2004.09.01"]
[SourceVersion "2"]
[SourceVersionDate "2004.09.01"]
[SourceQuality "1"]

1. e4 c6 2. d4 d5 3. Nc3 dxe4 4. Nxe4 Bf5 5. Ng3 Bg6 6. h4 h6 7. Nh3 e6 8. Bc4 Bd6 9. Bf4 Nf6 10. 0-0 0-0 11. c3 Nd5 12. Bxd5 cxd5 13. Qg4 Kh8 14. Rfe1 Bh7 15. Nh5 Rg8 16. Re3 Bf5 17. Qg3 Bxf4 18. Qxf4 Bg6 19. Qg4 Nd7 20. N3f4 Bf5 21. Qf3 Qxh4 22. Qg3 Qxg3 23. Nxg3 Bh7 24. Rae1 b5 25. Nd3 Bxd3 26. Rxd3 Rgc8 27. Rf3 Kg8 28. Nh5 a5 29. Rg3 g6 30. Nf4 Kg7 31. a3 b4 32. axb4 axb4 33. Nxe6+ fxe6 34. Rxe6 Nf8 35. Rd6 bxc3 36. bxc3 Rd8 37. Rb6 Rac8 38. f4 Rb8 39. Ra6 Rb1+ 40. Kh2 Rf1 41. Re3 Rxf4 42. Re5 Rf5 43. Re7+ Rf7 44. Re5 Rc7 45. Ra3 Nh7 46. Re6 Nf6 47. Raa6 Rf8 48. Ra3 Ne4 49. Raa6 Rf6 0-1

[Event "FRA-chT2S"]
[Site "France"]
[Date "2003.01.19"]
[Round "6.6"]
[White "De Labaca, Romuald"]
[Black "Kovarcik, Thomas"]
[Result "1/2-1/2"]
[WhiteElo "2166"]
[BlackElo "2238"]
[PlyCount "82"]
[EventDate "2002.10.??"]
[EventType "team-tourn"]
[EventRounds "11"]
[EventCountry "FRA"]
[SourceTitle "EXT 2004"]
[Source "ChessBase"]
[SourceDate "2003.11.25"]
[SourceVersion "1"]
[SourceVersionDate "2003.11.25"]
[SourceQuality "1"]

1. e4 d5 2. exd5 Qxd5 3. Nc3 Qa5 4. d4 c6 5. Bc4 Bf5 6. Bd2 e6 7. Nf3 Nf6 8. Nd5 Qd8 9. Nxf6+ gxf6 10. Bb3 Nd7 11. Qe2 Be7 12. 0-0-0 Qc7 13. Nh4 Bg6 14. Nxg6 hxg6 15. h3 0-0-0 16. c4 Bd6 17. Kb1 Rhe8 18. Qf3 c5 19. Bc3 e5 20. dxc5 Bxc5 21. Ba4 Re6 22. Rhe1 Nf8 23. Qe2 Red6 24. f3 Ne6 25. Rxd6 Rxd6 26. g3 Qb6 27. Rd1 Bd4 28. Bxd4 Rxd4 29. Rc1 Qb4 30. Bb3 Nc5 31. Rd1 Nxb3 32. axb3 Qd6 33. Rxd4 Qxd4 34. Kc2 Qg1 35. g4 Qh1 36. Qd3 Qxh3 37. Qd6 Qg2+ 38. Kb1 Qh1+ 39. Ka2 Qh8 40. Qc5+ Kb8 41. Qe7 Qg8 1/2-1/2

[Event "Banyoles op-A 5th"]
[Site "Banyoles"]
[Date "2002.08.06"]
[Round "4"]
[White "Kovarcik, Thomas"]
[Black "Campos Moreno, Javier B"]
[Result "0-1"]
[WhiteElo "2242"]
[BlackElo "2493"]
[PlyCount "54"]
[EventDate "2002.08.02"]
[EventType "swiss"]
[EventRounds "9"]
[EventCountry "ESP"]
[SourceTitle "CBM 089 Extra"]
[Source "ChessBase"]
[SourceDate "2002.09.10"]
[SourceVersion "2"]
[SourceVersionDate "2002.09.10"]
[SourceQuality "1"]

1. e4 e6 2. d4 d5 3. e5 c5 4. c3 Nc6 5. Nf3 Bd7 6. Be2 Nge7 7. 0-0 Nf5 8. Na3 cxd4 9. cxd4 Bxa3 10. bxa3 Qb6 11. Be3 Nxe3 12. fxe3 Qd8 13. Rb1 Rb8 14. Bd3 Qe7 15. Qb3 0-0 16. Nd2 Rfc8 17. Qd1 Be8 18. Nb3 Rc7 19. Rf3 g6 20. Qe1 Rbc8 21. Rf6 Qxa3 22. Rf2 Nb4 23. Bf1 b6 24. Qe2 Rc2 25. Qf3 Qxa2 26. Rxc2 Nxc2 27. Nd2 Nxd4 0-1

[Event "FRA-chT1"]
[Site "France"]
[Date "2002.03.??"]
[Round "5.7"]
[White "Kovarcik, Thomas"]
[Black "Gouret, Thierry"]
[Result "1/2-1/2"]
[WhiteElo "2243"]
[BlackElo "2270"]
[PlyCount "84"]
[EventDate "2002.02.??"]
[EventType "team-tourn"]
[EventRounds "11"]
[EventCountry "FRA"]
[SourceTitle "EXT 2003"]
[Source "ChessBase"]
[SourceDate "2002.11.25"]
[SourceVersion "1"]
[SourceVersionDate "2002.11.25"]
[SourceQuality "1"]
[WhiteTeam "Orange"]
[BlackTeam "Gonfreville"]
[WhiteTeamCountry "FRA"]
[BlackTeamCountry "FRA"]

1. e4 c5 2. Nc3 e5 3. Bc4 d6 4. d3 Nc6 5. a4 Be6 6. Nge2 Nf6 7. Bg5 Be7 8. Bxf6 Bxf6 9. Nd5 0-0 10. 0-0 g6 11. Nxf6+ Qxf6 12. a5 Rad8 13. Nc3 Nb4 14. Nd5 Nxd5 15. Bxd5 Bxd5 16. exd5 Qg5 17. Ra4 f5 18. b4 Rc8 19. c4 Qd8 20. Qb3 Rf7 21. Rb1 Re7 22. Re1 Qc7 23. Ra2 Rce8 24. Rae2 Kg7 25. Qc3 Kg8 26. f3 Kf7 27. Qa3 b6 28. axb6 axb6 29. b5 g5 30. Qc3 Ra8 31. Ra1 Qb8 32. Rea2 Rea7 33. Ra3 Rxa3 34. Rxa3 Rxa3 35. Qxa3 Kf6 36. Kf2 h5 37. Qa1 h4 38. h3 Kg6 39. Ke3 Kh5 40. Qa2 Kg6 41. Qa1 Kh5 42. Qa2 Kg6 1/2-1/2

[Event "FRA-chT"]
[Site "France"]
[Date "1999.??.??"]
[Round "11"]
[White "Kovarcik, Thomas"]
[Black "Roos, Jean Luc"]
[Result "1-0"]
[WhiteElo "2181"]
[BlackElo "2321"]
[PlyCount "85"]
[EventDate "1999.02.??"]
[EventType "team-tourn"]
[EventRounds "11"]
[EventCountry "FRA"]
[SourceTitle "EXT 2000"]
[Source "ChessBase"]
[SourceDate "1999.11.16"]
[SourceVersion "1"]
[SourceVersionDate "1999.11.16"]
[SourceQuality "1"]

1. e4 e6 2. d4 d5 3. e5 c5 4. c3 Nc6 5. Nf3 Qb6 6. Be2 cxd4 7. cxd4 Nh6 8. Bd3 Nf5 9. Bxf5 exf5 10. Nc3 Be6 11. 0-0 h6 12. Ne2 Be7 13. h4 0-0-0 14. Qc2 Kb8 15. Bd2 Rc8 16. Qd3 g6 17. Rfc1 Qd8 18. g3 Qd7 19. Bf4 Rh7 20. Kh2 Rch8 21. Rh1 Qd8 22. Qd2 Na5 23. b3 Ba3 24. Qd3 Nc6 25. Nc3 a6 26. Rad1 Qa5 27. Bd2 Qd8 28. Bf4 Ka7 29. Nb1 Be7 30. Qd2 Qf8 31. Rc1 Qg7 32. a3 Bd8 33. b4 Nb8 34. a4 Qf8 35. Nc3 Be7 36. Rb1 b6 37. Rhc1 Bd8 38. Qa2 Qe8 39. Nb5+ Ka8 40. Rc7 f6 41. exf6 Qg8 42. Rbc1 g5 43. f7 1-0

[Event "Saint Affrique op 06th"]
[Site "Saint Affrique"]
[Date "1998.??.??"]
[Round "3"]
[White "Bricard, Emmanuel"]
[Black "Kovarcik, Thomas"]
[Result "1-0"]
[WhiteElo "2450"]
[BlackElo "2190"]
[PlyCount "83"]
[EventDate "1998.07.??"]
[EventType "swiss"]
[EventRounds "7"]
[EventCountry "FRA"]
[SourceTitle "EXT 2000"]
[Source "ChessBase"]
[SourceDate "1999.11.16"]
[SourceVersion "1"]
[SourceVersionDate "1999.11.16"]
[SourceQuality "1"]

1. Nf3 d5 2. c4 c6 3. d4 Nf6 4. Nc3 dxc4 5. e3 b5 6. a4 b4 7. Nb1 Ba6 8. Qc2 e6 9. Bxc4 Bxc4 10. Qxc4 a5 11. Nbd2 Qd5 12. b3 c5 13. Bb2 Nbd7 14. Rc1 Be7 15. dxc5 Qxc4 16. Rxc4 Nxc5 17. Ke2 0-0 18. Bxf6 gxf6 19. Rhc1 Na6 20. Nd4 Bd8 21. Rc6 f5 22. Nc4 Kg7 23. Nb5 Be7 24. Nb6 Rad8 25. Nc8 Bf6 26. Ncd6 Nb8 27. Rb6 Be5 28. Nb7 Rd5 29. f4 Bf6 30. Rc7 Bd8 31. Nxd8 Rfxd8 32. Rxe6 Rd2+ 33. Kf3 R8d7 34. Rxd7 Nxd7 35. Rd6 Rxd6 36. Nxd6 Kf6 37. Nb7 Ke6 38. e4 fxe4+ 39. Kxe4 h6 40. Nxa5 Nc5+ 41. Kd4 Nd7 42. Nc6 1-0